[Event "Nimzo would of been proud"]
[Site "SchemingMind.com"]
[Date "2006.11.21"]
[Round "-"]
[White "Marcos Natal"]
[Black "tacticrules"]
[Result "0-1"]
[WhiteCountry "BRA"]
[BlackCountry "GER"]
[WhiteElo "1193"]
[WhiteRD "93"]
[BlackElo "1554"]
[BlackRD "51"]
[GameID "77947"]

1. d4 Nf6 2. c4 e6 3. Nc3 Bb4 4. Nf3 O-O 5. Bg5 Bxc3+ 6. bxc3 d6 7. e3 Nbd7 8. Bd3 h6 9. Bxf6 Nxf6 10. O-O b6
11. e4 Bb7 12. Re1 Qe7 13. Qa4 c5 14. h3 cxd4 15. cxd4 d5 16. exd5 Qc7 17. dxe6 Bc6 18. exf7+ Rxf7 19. Qa3 Rd8 20. Ne5 Rff8
21. Nxc6 Qxc6 22. d5 Qd7 23. Re6 Rfe8
0-1

[Event "Nimzo would of been proud"]
[Site "SchemingMind.com"]
[Date "2006.11.21"]
[Round "-"]
[White "tacticrules"]
[Black "Marcos Natal"]
[Result "1-0"]
[WhiteCountry "GER"]
[BlackCountry "BRA"]
[WhiteElo "1554"]
[WhiteRD "51"]
[BlackElo "1193"]
[BlackRD "93"]
[GameID "77948"]

1. d4 Nf6 2. c4 e6 3. Nc3 Bb4 4. e3 Bxc3+ 5. bxc3 d5 6. Nf3 O-O 7. Ba3 Re8 8. Bd3 dxc4 9. Bxc4 Ne4 10. Qc2 f5
11. O-O Nc6 12. Bd3 Qd5 13. c4 Qa5 14. Bb2 Nb4 15. Qe2 Nxd3 16. Qxd3 Rd8 17. Rfc1 c5 18. Bc3 Qb6 19. Rab1 Qa6 20. Qe2 b6
21. Ne5 g6 22. f3 Nxc3 23. Rxc3
1-0

[Event "Nimzo would of been proud"]
[Site "SchemingMind.com"]
[Date "2006.11.22"]
[Round "-"]
[White "Archives"]
[Black "tacticrules"]
[Result "0-1"]
[WhiteCountry "NZL"]
[BlackCountry "GER"]
[WhiteElo "1434"]
[WhiteRD "97"]
[BlackElo "1583"]
[BlackRD "51"]
[GameID "78089"]

1. d4 Nf6 2. c4 e6 3. Nc3 Bb4 4. Qc2 O-O 5. a3 Bxc3+ 6. Qxc3 d5 7. Bg5 Nbd7 8. e3 h6 9. Bh4 c6 10. Nf3 dxc4
11. Bxc4 b5
0-1

[Event "Nimzo would of been proud"]
[Site "SchemingMind.com"]
[Date "2006.11.22"]
[Round "-"]
[White "Archives"]
[Black "Marcos Natal"]
[Result "0-1"]
[WhiteCountry "NZL"]
[BlackCountry "BRA"]
[WhiteElo "1393"]
[WhiteRD "106"]
[BlackElo "1193"]
[BlackRD "98"]
[GameID "78090"]

1. d4 Nf6 2. c4 e6 3. Nc3 Bb4 4. Qc2 d5 5. cxd5 exd5 6. Bg5 h6 7. Bh4 O-O 8. Nf3 Nc6 9. e3 g5 10. Bg3 Bg4
0-1

[Event "Nimzo would of been proud"]
[Site "SchemingMind.com"]
[Date "2006.11.22"]
[Round "-"]
[White "tacticrules"]
[Black "Archives"]
[Result "1-0"]
[WhiteCountry "GER"]
[BlackCountry "NZL"]
[WhiteElo "1583"]
[WhiteRD "51"]
[BlackElo "1434"]
[BlackRD "97"]
[GameID "78091"]

1. d4 Nf6 2. c4 e6 3. Nc3 Bb4 4. Qc2 d5 5. a3 Bxc3+ 6. bxc3 c5 7. Bg5 Nbd7 8. e3 O-O 9. Nf3 h6 10. Bh4 b6
11. Ne5
1-0

[Event "Nimzo would of been proud"]
[Site "SchemingMind.com"]
[Date "2006.11.23"]
[Round "-"]
[White "echecs"]
[Black "tacticrules"]
[Result "1-0"]
[WhiteCountry "ENG"]
[BlackCountry "GER"]
[WhiteElo "1767"]
[WhiteRD "60"]
[BlackElo "1610"]
[BlackRD "53"]
[GameID "78359"]

1. d4 Nf6 2. c4 e6 3. Nc3 Bb4 4. e3 O-O 5. a3 Bxc3+ 6. bxc3 d5 7. Nf3 c6 8. a4 Nbd7 9. Ba3 Re8 10. Bd3 e5
11. dxe5 Nxe5 12. Nxe5 Rxe5 13. Qc2 Ne4 14. cxd5 cxd5 15. Bb2 Re8= 16. c4 Qa5+ 17. Ke2 Bf5 18. f3 dxc4 19. Bxe4 Bxe4 20. fxe4 Qh5+
21. Kf2 Qh4+ 22. g3 Qg5 23. Bd4 b6 24. Rhf1 Qh6 25. Kg1 Qe6 26. e5 Rad8 27. Rf4 g5 28. Rf6 Qg4 29. Qxc4 Rd7 30. Raf1 Qh5
31. e6 Kf8 32. exd7
1-0

[Event "Nimzo would of been proud"]
[Site "SchemingMind.com"]
[Date "2006.11.24"]
[Round "-"]
[White "echecs"]
[Black "Marcos Natal"]
[Result "1-0"]
[WhiteCountry "ENG"]
[BlackCountry "BRA"]
[WhiteElo "1737"]
[WhiteRD "61"]
[BlackElo "1193"]
[BlackRD "93"]
[GameID "78360"]

1. d4 Nf6 2. c4 e6 3. Nc3 Bb4 4. a3 Bxc3+ 5. bxc3 c5 6. Bg5 Qa5 7. Bd2 O-O 8. e3 Ne4 9. Bd3 Nxd2 10. Qxd2 Nc6
11. Ne2 cxd4 12. cxd4 Qxd2+ 13. Kxd2 e5 14. d5 Ne7 15. Ng3 d6 16. h3 f5 17. e4 b5 18. f3 fxe4 19. Nxe4 bxc4 20. Bxc4 Nf5
21. Rhf1
1-0

[Event "Nimzo would of been proud"]
[Site "SchemingMind.com"]
[Date "2006.11.23"]
[Round "-"]
[White "tacticrules"]
[Black "echecs"]
[Result "0-1"]
[WhiteCountry "GER"]
[BlackCountry "ENG"]
[WhiteElo "1583"]
[WhiteRD "51"]
[BlackElo "1795"]
[BlackRD "57"]
[GameID "78362"]

1. d4 Nf6 2. c4 e6 3. Nc3 Bb4 4. Qc2 d5 5. a3 Bxc3+ 6. bxc3 dxc4 7. e4 h6 8. Bxc4 Bd7 9. Nf3 Nc6 10. O-O O-O
11. e5 Nd5 12. Bxd5 exd5 13. Qb3 Bc8 14. Re1 Na5 15. Qc2 Nc4 16. Rb1 c6 17. Nd2 b5 18. Nxc4 bxc4 19. Qa4 Bf5 20. Rb2 Qc8
21. Rbe2 Qe6 22. Bf4 Rfc8 23. h3 c5 24. Qd1 Bd3 25. Rd2 cxd4 26. cxd4 Rab8 27. Qf3 Rb3 28. Qg4 Bf5 29. Qe2 Rxa3 30. Ra2 Rd3
31. Be3 Ra8 32. Rea1 a6 33. g4 Be4 34. Ra5 Rb3 35. Rc5 a5 36. Bd2 Rxh3 37. Rcxa5 Rh1#
0-1

[Event "Nimzo would of been proud"]
[Site "SchemingMind.com"]
[Date "2006.11.27"]
[Round "-"]
[White "Marcos Natal"]
[Black "echecs"]
[Result "0-1"]
[WhiteCountry "BRA"]
[BlackCountry "ENG"]
[WhiteElo "1193"]
[WhiteRD "93"]
[BlackElo "1737"]
[BlackRD "61"]
[GameID "78363"]

1. d4 Nf6 2. c4 e6 3. Nc3 Bb4 4. Bg5 h6 5. Bh4 g5 6. Bg3 Ne4 7. Qc2 Nxg3 8. hxg3 Nc6 9. O-O-O Qf6 10. Nb5 Kd8
11. e4 a6 12. e5 Qe7 13. Nc3 f6 14. Nf3 fxe5 15. Nxe5 Nxe5 16. dxe5 Qf7 17. Bd3 Bxc3 18. Qxc3 Qxf2 19. Be4 Qc5 20. Rhf1 c6
0-1

[Event "Nimzo would of been proud"]
[Site "SchemingMind.com"]
[Date "2006.11.28"]
[Round "-"]
[White "klesley"]
[Black "echecs"]
[Result "0-1"]
[WhiteCountry "USA"]
[BlackCountry "ENG"]
[WhiteElo "1720"]
[WhiteRD "76"]
[BlackElo "1795"]
[BlackRD "57"]
[GameID "78949"]

1. d4 Nf6 2. c4 e6 3. Nc3 Bb4 4. Qc2 d5 5. a3 Bxc3+ 6. Qxc3 Nc6 7. Nf3 Ne4 8. Qc2 Qf6 9. e3 Bd7 10. Bd3 Nd6
11. cxd5 exd5 12. Bxh7 g6 13. Bxg6 Qxg6 14. Qxg6 fxg6 15. Bd2 Bf5 16. h3 O-O-O 17. O-O Rdf8 18. b4 Bxh3 19. Ne5 Bf5 20. g4 Be4
21. f4 Nxe5 22. dxe5 Nc4 23. Rfd1 Nxd2 24. Rac1 Nc4 25. Kf2 Rh2+ 26. Kg3 Rg2+ 27. Kh4 Nxe3 28. Rg1 Rh8+ 29. Kg5 Rxg4+ 30. Rxg4 Rh5+
31. Kf6 Nxg4+ 32. Ke6 Kd8 33. Kf7 Rh7+ 34. Kg8 Re7 35. Rg1 Nh6+ 36. Kf8 Rf7#
0-1

[Event "Nimzo would of been proud"]
[Site "SchemingMind.com"]
[Date "2006.11.28"]
[Round "-"]
[White "klesley"]
[Black "tacticrules"]
[Result "1-0"]
[WhiteCountry "USA"]
[BlackCountry "GER"]
[WhiteElo "1720"]
[WhiteRD "76"]
[BlackElo "1583"]
[BlackRD "51"]
[GameID "78950"]

1. d4 Nf6 2. c4 e6 3. Nc3 Bb4 4. Qc2 O-O 5. a3 Bxc3+ 6. Qxc3 b6 7. Bg5 Bb7 8. Nf3 d5 9. e3 Nbd7 10. cxd5 exd5
11. Ne5 Bc8 12. Bb5 h6 13. Nxd7 Bxd7 14. Bxd7 hxg5 15. Bc6 Rc8 16. b4 Qd6 17. O-O Ne4 18. Qc2 f5 19. Rac1 g6 20. Bb7 Rb8
21. Qxc7 Qxc7 22. Rxc7 Nd2 23. Bxd5+ Kh8 24. Rd1 Ne4 25. Bxe4 fxe4 26. d5 a6 27. d6 Rfd8 28. h3 a5 29. d7 Kg7 30. Rd4 axb4
31. axb4 Ra8 32. Rxe4 Ra1+ 33. Kh2 Rd1 34. Re6 R1xd7 35. Rxd7+ Rxd7 36. Rxb6 Rf7 37. f3 Rc7 38. Kg3 Kh6 39. Kg4 Rc4+ 40. e4 Rd4
41. b5 Rd2 42. Kg3 Rd7 43. Rb8
1-0

[Event "Nimzo would of been proud"]
[Site "SchemingMind.com"]
[Date "2006.11.28"]
[Round "-"]
[White "klesley"]
[Black "Marcos Natal"]
[Result "1-0"]
[WhiteCountry "USA"]
[BlackCountry "BRA"]
[WhiteElo "1676"]
[WhiteRD "78"]
[BlackElo "1193"]
[BlackRD "93"]
[GameID "78951"]

1. d4 Nf6 2. c4 e6 3. Nc3 Bb4 4. Qc2 c5 5. dxc5 O-O 6. Be3 Na6 7. a3 Bxc5 8. Bg5 Bxf2+ 9. Kxf2 Ng4+ 10. Ke1 Qxg5
11. Nf3 Qf5 12. e4 Qf4 13. Qe2 Nc5 14. g3 Qe3 15. h3 Nd3+ 16. Kd1 Ngf2+ 17. Kc2 Qb6 18. b4 Nxb4+ 19. axb4 Nxh1 20. Kb3 Nxg3
21. Qg2 Nxf1 22. Rxf1 a5 23. b5 d5 24. exd5 Qc5 25. Ne5
1-0

[Event "Nimzo would of been proud"]
[Site "SchemingMind.com"]
[Date "2006.11.28"]
[Round "-"]
[White "klesley"]
[Black "Archives"]
[Result "1-0"]
[WhiteCountry "USA"]
[BlackCountry "NZL"]
[WhiteElo "1730"]
[WhiteRD "81"]
[BlackElo "1393"]
[BlackRD "96"]
[GameID "78952"]

1. d4 Nf6 2. c4 e6 3. Nc3 Bb4 4. Qc2 d5 5. a3 Bxc3+ 6. Qxc3 Ne4 7. Qd3 O-O 8. f3 dxc4 9. Qxe4 Nc6 10. e3 b6
11. Qxc6
1-0

[Event "Nimzo would of been proud"]
[Site "SchemingMind.com"]
[Date "2006.11.29"]
[Round "-"]
[White "echecs"]
[Black "klesley"]
[Result "1-0"]
[WhiteCountry "ENG"]
[BlackCountry "USA"]
[WhiteElo "1767"]
[WhiteRD "60"]
[BlackElo "1740"]
[BlackRD "78"]
[GameID "78953"]

1. d4 Nf6 2. c4 e6 3. Nc3 Bb4 4. e3 c5 5. Ne2 cxd4 6. Nxd4 Ne4 7. Bd2 Bxc3 8. Bxc3 Nxc3 9. bxc3 b6 10. Qf3 d5
11. cxd5 Bb7 12. Bb5+ Nd7 13. Bc6 Bxc6 14. dxc6 Ne5 15. Qe4 Qd6 16. Rd1 O-O-O 17. O-O Kc7 18. Nb5+
1-0

[Event "Nimzo would of been proud"]
[Site "SchemingMind.com"]
[Date "2006.11.29"]
[Round "-"]
[White "tacticrules"]
[Black "klesley"]
[Result "0-1"]
[WhiteCountry "GER"]
[BlackCountry "USA"]
[WhiteElo "1583"]
[WhiteRD "51"]
[BlackElo "1720"]
[BlackRD "76"]
[GameID "78954"]

1. d4 Nf6 2. c4 e6 3. Nc3 Bb4 4. Qc2 d5 5. a3 Bxc3+ 6. bxc3 dxc4 7. Qa4+ Qd7 8. Qxd7+ Bxd7 9. Nf3 b5 10. Bg5 Ne4
11. Bd2 Bc6 12. e3 Nd7 13. Be2 h6 14. O-O g5 15. Rfd1 Ndf6 16. Ne5 Bb7 17. f3 Nxd2 18. Rxd2 Nd5 19. Rc1 Nxe3 20. Kf2 Nd5
21. g3 f6 22. Ng4 h5 23. Ne3 Nxe3 24. Kxe3 Ke7 25. Rcd1 Rhd8 26. f4 g4 27. Kf2 e5 28. fxe5 fxe5 29. dxe5 Rxd2 30. Rxd2 Rf8+
31. Kg1 Rd8 32. Rxd8 Kxd8 33. Kf2 a5 34. Ke3 Bd5 35. Kf4 Ke7 36. Kf5 c5 37. Bd1 b4 38. axb4 cxb4 39. cxb4 axb4 40. Kf4 b3
41. Ke3 Ke6 42. Kd2 Kxe5 43. Kc3 Bf3
0-1

[Event "Nimzo would of been proud"]
[Site "SchemingMind.com"]
[Date "2006.11.29"]
[Round "-"]
[White "Marcos Natal"]
[Black "klesley"]
[Result "0-1"]
[WhiteCountry "BRA"]
[BlackCountry "USA"]
[WhiteElo "1193"]
[WhiteRD "93"]
[BlackElo "1676"]
[BlackRD "78"]
[GameID "78955"]

1. d4 Nf6 2. c4 e6 3. Nc3 Bb4 4. Bg5 h6 5. Bh4 g5 6. Bg3 Bxc3+ 7. bxc3 b6 8. e3 Ne4 9. Bd3 Bb7 10. Bxe4 Bxe4
11. f3 Bg6 12. Ne2 Na6 13. Qa4 Qc8 14. O-O c5 15. Rfd1 O-O 16. Bd6 Re8 17. Be5 d5 18. cxd5 exd5 19. Kf2 h5 20. Rac1 Re6
21. c4 dxc4 22. Rxc4 f6 23. Bg3 h4 24. Bxh4 gxh4
0-1

[Event "Nimzo would of been proud"]
[Site "SchemingMind.com"]
[Date "2006.11.29"]
[Round "-"]
[White "Archives"]
[Black "klesley"]
[Result "0-1"]
[WhiteCountry "NZL"]
[BlackCountry "USA"]
[WhiteElo "1393"]
[WhiteRD "96"]
[BlackElo "1730"]
[BlackRD "81"]
[GameID "78956"]

1. d4 Nf6 2. c4 e6 3. Nc3 Bb4 4. e3 c5 5. Ne2 Ne4 6. Qc2 d5 7. dxc5 Nxc3 8. Nxc3 Qa5 9. Bd2 Qxc5 10. Bd3 dxc4
0-1

[Event "Nimzo would of been proud"]
[Site "SchemingMind.com"]
[Date "2006.12.01"]
[Round "-"]
[White "HURRICANEWARNING"]
[Black "klesley"]
[Result "0-1"]
[WhiteCountry "USA"]
[BlackCountry "USA"]
[WhiteElo "1355"]
[WhiteRD "81"]
[BlackElo "1720"]
[BlackRD "76"]
[GameID "79463"]

1. d4 Nf6 2. c4 e6 3. Nc3 Bb4 4. Bd2 Nc6 5. a3 Bxc3 6. Bxc3 Ne4 7. Nh3 Qf6 8. Qc2 Nxc3 9. bxc3 b6 10. e3 Ba6
11. Bd3 g6 12. O-O O-O 13. d5 exd5 14. Qa4 Qxc3 15. Nf4 dxc4 16. Be4 Bb7 17. Rac1 Qb3 18. Bxc6 Bxc6 19. Qxc4 Qxc4 20. Rxc4 Bb5
21. Rxc7 Bxf1 22. Kxf1 Rfd8 23. Nd5 Kg7 24. Rb7 Kh6 25. Nc7 Rab8 26. Rxa7 b5 27. Nd5 Ra8 28. Rb7 Rxa3 29. Rxb5 Ra2 30. g4 Rd2
31. Nf4 d5 32. Ke1 Rc2 33. Nxd5 Rc1+ 34. Kd2 Rh1 35. e4 Rxh2 36. Ke3 Ra8 37. g5+ Kg7 38. Kf4 Rxf2+ 39. Ke5 Re8+ 40. Kd6 Rxe4
41. Nc7 Rd2+ 42. Kc6 Rc4+ 43. Kb7 Rd7 44. Rb6 Rcxc7+ 45. Kb8 Rc5 46. Rb7 Rxb7+ 47. Kxb7 Kf8 48. Kb6 Rxg5 49. Kc6 Ke7 50. Kc7 Rc5+
51. Kb6 Kd6 52. Kb7 Rb5+ 53. Ka6 Kc6 54. Ka7 Ra5+ 55. Kb8 h5 56. Kc8 Ra8#
0-1

[Event "Nimzo would of been proud"]
[Site "SchemingMind.com"]
[Date "2006.12.01"]
[Round "-"]
[White "HURRICANEWARNING"]
[Black "tacticrules"]
[Result "0-1"]
[WhiteCountry "USA"]
[BlackCountry "GER"]
[WhiteElo "1384"]
[WhiteRD "104"]
[BlackElo "1610"]
[BlackRD "53"]
[GameID "79465"]

1. d4 Nf6 2. c4 e6 3. Nc3 Bb4 4. Bd2 O-O 5. a3 Bxc3 6. Bxc3 d5 7. c5 c6 8. e3 b6 9. Nf3 Qe7 10. Bb4 a5
11. Bc3 bxc5 12. dxc5 Qxc5 13. Bxf6 gxf6 14. Nh4 Kh8 15. Bd3 Qe7 16. Qh5 f5 17. g4 Ba6 18. Bc2 Qf6 19. O-O-O Be2 20. Rd4 Bxg4
21. Rxg4 Nd7 22. Rg5 Rab8 23. b3 Qa1+ 24. Bb1 Qc3+ 25. Bc2 Rxb3 26. Rd1 Rfb8 27. Rg8+ Rxg8 28. Rd3 Rg1+ 29. Rd1 Rxd1+ 30. Kxd1 Qa1+=
31. Kd2 Qc3+ 32. Kd1 Qa1+ 33. Kd2 Qc3+ 34. Kd1 Rb2 35. Qe2 Qxa3 36. Nf3 Nc5 37. Nd4 Ne4 38. Qf3 c5 39. Ne2 Qa1+ 40. Nc1 Rxc2
41. Kxc2 Qc3+ 42. Kb1 Nd2+ 43. Ka2 Nxf3
0-1

[Event "Nimzo would of been proud"]
[Site "SchemingMind.com"]
[Date "2006.12.02"]
[Round "-"]
[White "HURRICANEWARNING"]
[Black "Marcos Natal"]
[Result "0-1"]
[WhiteCountry "USA"]
[BlackCountry "BRA"]
[WhiteElo "1181"]
[WhiteRD "113"]
[BlackElo "1223"]
[BlackRD "120"]
[GameID "79466"]

1. d4 Nf6 2. c4 e6 3. Nc3 Bb4 4. a3 Bxc3+ 5. bxc3 c5 6. d5 Ne4 7. dxe6 fxe6 8. Bb2 O-O 9. Nh3 Qf6 10. f3 Ng5
11. Nf2 Nc6 12. Ng4 Qd8 13. h4 Nf7 14. h5 Nfe5 15. h6 Nxc4 16. hxg7 Kxg7 17. Qd2 Nxd2 18. Kxd2 Ne5 19. Nxe5 Qg5+ 20. Kc2 d5
21. c4 d4 22. Ng4 e5 23. e4 Bxg4
0-1

[Event "Nimzo would of been proud"]
[Site "SchemingMind.com"]
[Date "2006.12.02"]
[Round "-"]
[White "HURRICANEWARNING"]
[Black "Archives"]
[Result "1-0"]
[WhiteCountry "USA"]
[BlackCountry "NZL"]
[WhiteElo "1181"]
[WhiteRD "76"]
[BlackElo "1393"]
[BlackRD "106"]
[GameID "79467"]

1. d4 Nf6 2. c4 e6 3. Nc3 Bb4 4. Bd2 d5 5. c5 Bxc3 6. Bxc3 Ne4 7. Qa4+ Bd7 8. Qb3 O-O 9. Qxb7 Nc6 10. Nh3 Rb8
11. Qa6 e5 12. dxe5
1-0

[Event "Nimzo would of been proud"]
[Site "SchemingMind.com"]
[Date "2006.12.01"]
[Round "-"]
[White "klesley"]
[Black "HURRICANEWARNING"]
[Result "0-1"]
[WhiteCountry "USA"]
[BlackCountry "USA"]
[WhiteElo "1720"]
[WhiteRD "76"]
[BlackElo "1355"]
[BlackRD "81"]
[GameID "79468"]

1. d4 Nf6 2. c4 e6 3. Nc3 Bb4 4. Nf3 Nc6 5. Qc2 O-O 6. Bg5 e5 7. dxe5 h6 8. Bxf6 gxf6 9. exf6 Bxc3+ 10. Qxc3 d6
11. Nd2 Re8 12. f3 Bf5 13. g4 Bh7 14. h4 d5 15. cxd5 Qxd5 16. e4 h5 17. O-O-O Qxa2 18. gxh5 Qa1+ 19. Kc2 Qa4+ 20. Qb3 Nd4+
21. Kc3 Nxb3 22. Nxb3 Qc6+ 23. Kb4 a5+ 24. Ka3 a4 25. Nd4 Qc5+ 26. Ka2 Re5 27. Rg1+ Kh8 28. Be2 Qb4 29. Bb5 a3 30. b3 Rxh5
31. Rg7 Rxb5 32. Nxb5 Qxb5 33. Rd2 Qf1 34. Rxf7 Qxf3 35. e5 Qf5 36. Rxh7+ Qxh7 37. e6 Qxh4 38. f7 Qf4 39. Re2 Kg7 40. Rg2+ Kh7
41. Re2 Rd8 42. Kxa3 Qc1+ 43. Kb4 Rd4+ 44. Ka5 Qc5#
0-1

[Event "Nimzo would of been proud"]
[Site "SchemingMind.com"]
[Date "2006.12.01"]
[Round "-"]
[White "echecs"]
[Black "HURRICANEWARNING"]
[Result "1-0"]
[WhiteCountry "ENG"]
[BlackCountry "USA"]
[WhiteElo "1767"]
[WhiteRD "60"]
[BlackElo "1384"]
[BlackRD "104"]
[GameID "79469"]

1. d4 Nf6 2. c4 e6 3. Nc3 Bb4 4. Bd2 Nc6 5. a3 Bd6 6. Bg5 h6 7. Be3 O-O 8. Nf3 b6 9. g3 Ba6 10. Nd2 e5
11. dxe5 Nxe5 12. Bg2 c6 13. O-O Neg4 14. Bd4 Nh5 15. Nde4 Bc7 16. b3 c5 17. Bxc5 bxc5 18. Nxc5 Nxf2 19. Rxf2 Qc8 20. Bxa8 Bb6
21. Nxa6 Qxa6 22. Bf3 Nf6 23. Kg2 Bc5 24. Rf1 Qb6 25. b4 Bd4 26. c5 Bxc5 27. bxc5 Qxc5 28. Ne4 Nxe4 29. Bxe4 Re8 30. Qd3 Qh5
31. Rf5 Qg6 32. Raf1 d6 33. Bd5
1-0

[Event "Nimzo would of been proud"]
[Site "SchemingMind.com"]
[Date "2006.12.01"]
[Round "-"]
[White "tacticrules"]
[Black "HURRICANEWARNING"]
[Result "1-0"]
[WhiteCountry "GER"]
[BlackCountry "USA"]
[WhiteElo "1610"]
[WhiteRD "53"]
[BlackElo "1384"]
[BlackRD "104"]
[GameID "79470"]

1. d4 Nf6 2. c4 e6 3. Nc3 Bb4 4. Qc2 Nc6 5. e3 Ng4 6. Nf3 h6 7. h3 Nf6 8. Bd3 d5 9. O-O Bd6 10. c5 Nb4
11. Qa4+ Nc6 12. Qc2 Be7 13. a3 a6 14. b4 b6 15. cxb6 cxb6 16. b5 a5 17. bxc6 Qd6 18. Bb5 O-O 19. Na4 Qc7 20. Bb2 Ne4
21. Nd2 Ng5 22. f4 Nh7 23. Rac1 Nf6 24. Nf3 Ba6 25. Bxa6 Rxa6 26. Qd3 Rfa8 27. Ne5 Ne4 28. Nc3 Ng3 29. Rf2 f6 30. Nf3 Qxc6
31. Ne4 Qa4 32. Nxg3 b5 33. Rfc2 Re8 34. Rc8 Bd8 35. Qg6 Qb3 36. Qxe8+ Kh7 37. Nh4 Qxe3+ 38. Kh2 Qd3 39. Qxd8 Qd2 40. Qh8#
1-0

[Event "Nimzo would of been proud"]
[Site "SchemingMind.com"]
[Date "2006.11.30"]
[Round "-"]
[White "Marcos Natal"]
[Black "HURRICANEWARNING"]
[Result "1-0"]
[WhiteCountry "BRA"]
[BlackCountry "USA"]
[WhiteElo "1223"]
[WhiteRD "120"]
[BlackElo "1181"]
[BlackRD "113"]
[GameID "79471"]

1. d4 Nf6 2. c4 e6 3. Nc3 Bb4 4. e3 O-O 5. Ne2 d5 6. a3 Bxc3+ 7. bxc3 dxc4 8. Qa4 Ne4 9. Qxc4 b6 10. f3 Ba6
11. Qb3 Nd6 12. Nf4 Bb7 13. Bd3 Qh4+ 14. g3 Qf6 15. O-O g6 16. e4 c5 17. e5 Qe7 18. exd6 Qxd6 19. Qb2 cxd4 20. cxd4 Nc6
21. Be4 Ba6 22. Rd1 e5 23. Nd5 f6 24. dxe5
1-0

[Event "Nimzo would of been proud"]
[Site "SchemingMind.com"]
[Date "2006.12.02"]
[Round "-"]
[White "Archives"]
[Black "HURRICANEWARNING"]
[Result "0-1"]
[WhiteCountry "NZL"]
[BlackCountry "USA"]
[WhiteElo "1393"]
[WhiteRD "106"]
[BlackElo "1181"]
[BlackRD "76"]
[GameID "79472"]

1. d4 Nf6 2. c4 e6 3. Nc3 Bb4 4. e3 Bxc3+ 5. bxc3 Ne4 6. Bd3 Nxc3 7. Qb3 Qg5 8. g3 Qa5 9. Bb2 Ne4+ 10. Ke2 Qd2+
11. Kf3 Qxf2+ 12. Kg4 Qf5+
0-1

[Event "Nimzo would of been proud"]
[Site "SchemingMind.com"]
[Date "2006.12.01"]
[Round "-"]
[White "jtrochez1"]
[Black "klesley"]
[Result "0-1"]
[WhiteCountry "HON"]
[BlackCountry "USA"]
[WhiteElo "1592"]
[WhiteRD "50"]
[BlackElo "1740"]
[BlackRD "78"]
[GameID "79479"]

1. d4 Nf6 2. c4 e6 3. Nc3 Bb4 4. Bd2 d5 5. e3 O-O 6. Nf3 a6 7. a3 Bxc3 8. Bxc3 Nc6 9. Nd2 dxc4 10. Bxc4 b5
11. Bd3 Bb7 12. O-O g6 13. f3 Nd5 14. e4 Ne3 15. Qe2 Nxf1 16. Rxf1 Nxd4 17. Qe3 e5 18. f4 f6 19. f5 gxf5 20. Bxd4 Qxd4
21. Qxd4 exd4 22. Rxf5 Rac8 23. b4 Kg7 24. Nb3 Rfe8 25. Nc5 Bc6 26. h3 Ra8 27. Nb3 Bxe4 28. Bxe4 Rxe4 29. Rd5 Re3 30. Nc5 Rxa3
31. Rxd4 Rc3 32. Rd7+ Kg6 33. Rxc7 a5 34. bxa5 Rxa5 35. Nb7 Ra1+
0-1

[Event "Nimzo would of been proud"]
[Site "SchemingMind.com"]
[Date "2006.12.01"]
[Round "-"]
[White "jtrochez1"]
[Black "echecs"]
[Result "0-1"]
[WhiteCountry "HON"]
[BlackCountry "ENG"]
[WhiteElo "1592"]
[WhiteRD "50"]
[BlackElo "1767"]
[BlackRD "60"]
[GameID "79480"]

1. d4 Nf6 2. c4 e6 3. Nc3 Bb4 4. Bd2 O-O 5. e3 d5 6. Nf3 b6 7. h3 Ba6 8. Qb3 Be7 9. Ne5 Bb7 10. cxd5 Nxd5
11. Nxd5 Bxd5 12. Qd1 Nc6 13. Nxc6 Bxc6 14. Qe2 a6 15. Qd1 Bh4 16. Qe2 Be4 17. Bc3 Qg5 18. Rg1 Qf5 19. g3 Be7 20. Qg4 c5
21. Qxf5 exf5 22. Bg2 Bxg2 23. Rxg2 cxd4 24. exd4 Bg5 25. f4 Bf6 26. O-O-O Rac8 27. Kb1 a5 28. g4 fxg4 29. hxg4 Rfd8 30. g5 Be7
31. Re1 Bd6 32. f5 g6 33. f6 Bf8 34. Re4 Rd5 35. Re5 Rcd8 36. Rxd5 Rxd5 37. Kc2 h6 38. gxh6 Bxh6 39. Kb3 Rd6 40. Kc4 Rxf6
41. Kb5 Be3 42. a4 Rd6 43. Rg4 f5 44. Rg2 Kf7 45. Ka6 Bxd4 46. Bxd4 Rxd4 47. b3 Rb4 48. Rg3 Kf6 49. Rc3 f4 50. Kb7 Kf5
51. Rd3 g5 52. Rd5+ Kg4 53. Rb5 Rxb5 54. axb5 f3 55. Kxb6 f2 56. Kxa5 f1=Q
0-1

[Event "Nimzo would of been proud"]
[Site "SchemingMind.com"]
[Date "2006.12.01"]
[Round "-"]
[White "jtrochez1"]
[Black "tacticrules"]
[Result "1-0"]
[WhiteCountry "HON"]
[BlackCountry "GER"]
[WhiteElo "1529"]
[WhiteRD "47"]
[BlackElo "1583"]
[BlackRD "51"]
[GameID "79481"]

1. d4 Nf6 2. c4 e6 3. Nc3 Bb4 4. Bd2 d5 5. e3 O-O 6. Bd3 c6 7. Nf3 dxc4 8. Bc2 Bxc3 9. Bxc3 b5 10. O-O Bb7
11. h3 Nbd7 12. Qe2 Qb6 13. Ne5 Nxe5 14. dxe5 Nd5 15. Bd2 Qc7 16. f4 Ne7 17. Qh5 g6 18. Qh6 Nf5 19. Bxf5 exf5 20. g4 Bc8
21. a3 Qe7 22. gxf5 Bxf5 23. Rae1 Rfd8 24. Bc3 Qf8 25. Qh4 a5 26. e4 Bd7 27. f5 Qc5+= 28. Kh1 b4 29. Bd2 Qxe5 30. f6 Qh5
31. Qxh5 gxh5 32. Rg1+ Kh8 33. Kh2 b3 34. Re3 Rg8 35. Reg3 Rxg3 36. Rxg3 a4 37. e5 Rg8 38. Rxg8+ Kxg8 39. h4 Kf8= 40. Kg3 Ke8
41. Kf4 Be6 42. Kg5 Bg4 43. Kh6 Bf5 44. Kxh5 Bg6+ 45. Kg5 Kf8 46. h5 Bd3 47. h6 Bg6 48. Kf4 Ke8 49. Ke3 Kd7 50. Kd4 Bd3
51. Kc5 Kc7 52. Kb4 Kb6 53. Kxa4 c5 54. e6
1-0

[Event "Nimzo would of been proud"]
[Site "SchemingMind.com"]
[Date "2006.12.02"]
[Round "-"]
[White "jtrochez1"]
[Black "Marcos Natal"]
[Result "1-0"]
[WhiteCountry "HON"]
[BlackCountry "BRA"]
[WhiteElo "1495"]
[WhiteRD "52"]
[BlackElo "1193"]
[BlackRD "93"]
[GameID "79482"]

1. d4 Nf6 2. c4 e6 3. Nc3 Bb4 4. Bd2 O-O 5. Nf3 Nc6 6. Bg5 d5 7. e3 Qd6 8. Bxf6 gxf6 9. c5 Qd7 10. h3 b6
11. Bb5 bxc5 12. dxc5 Bxc5 13. a3 a6 14. Bd3 Ne5 15. Nxe5 fxe5 16. b4 Ba7 17. Qg4+ Kh8 18. Qg5 f6 19. Qh5 e4 20. Bc2 Qc6
21. Kd2 Qc4 22. Qh6 Bb7 23. Qh5 Bd4 24. exd4 Qxd4+ 25. Kc1 Qxc3 26. Ra2 c5 27. f3 e3 28. f4 Qd2+ 29. Kb1
1-0

[Event "Nimzo would of been proud"]
[Site "SchemingMind.com"]
[Date "2006.12.02"]
[Round "-"]
[White "jtrochez1"]
[Black "Archives"]
[Result "1-0"]
[WhiteCountry "HON"]
[BlackCountry "NZL"]
[WhiteElo "1529"]
[WhiteRD "47"]
[BlackElo "1434"]
[BlackRD "97"]
[GameID "79483"]

1. d4 Nf6 2. c4 e6 3. Nc3 Bb4 4. Bd2 d5 5. c5 Bxc3 6. Bxc3 Ne4 7. Nf3 Nxc3 8. bxc3 Nc6 9. e3 O-O 10. Bd3 b5
11. Bxb5 Bb7 12. Bxc6
1-0